| 000 | 00688nam a2200169 a 4500 | ||
|---|---|---|---|
| 008 | 100621s2005 ||||||||||||||||| || u | ||
| 050 | _aIBRD(08) | ||
| 100 | _aStephanou, Constantinos | ||
| 245 | 1 | 0 |
_aSupervision of financial conglomerates: the case of chile _cby Constantinos Stephanou |
| 260 |
_aWashington, D. C. _bWorld Bank _c2005 |
||
| 300 | _a44p.: ill | ||
| 350 | _a0.00 | ||
| 490 | _aPolicy Research Working Paper | ||
| 650 | 0 | _aFINANCE--DEVELOPING COUNTRIES | |
| 650 | 0 | _aCHILE--ECONOMIC CONDITIONS--1988- | |
| 995 |
_D0.00 _FCBU-MAIN LIBRARY (Kitwe) _H1 _I0.00 _M1 _UAVAILABLE _WJun 21, 2010 _ZInternational Publications |
||
| 999 |
_c59112 _d59112 |
||